Guess the country by the small town - Statistics

General Stats
  • This quiz has been taken 15 times
  • The average score is 10 of 20
Answer Stats
Picture Answer % Correct
Russia
87%
Sweden
87%
Greece
80%
Ireland
80%
Croatia
73%
Mexico
73%
Poland
73%
USA
73%
Canada
60%
France
60%
New Zealand
47%
Israel
40%
Mongolia
40%
Paraguay
40%
Botswana
27%
Libya
27%
Azerbaijan
13%
Tajikistan
13%
Laos
7%
Papua new Guinea
0%
No matching quizzes found
Score Distribution
Percent of People with Each Score
Percentile by Number Answered
Your Score History
You have not taken this quiz